00476 a2200157 4500999001900000001000600019003000500025082001500030100003200045245003300077260005000110300001000160500001800170942003400188952009600222 c324939d32493989866NUST a297.23 SUL aSultan Bashir Mahmood99876 aQiamat Aur Hayat Baadul Moat aIslamabadbDar-ul-Hokomat Internationalc2013 a446p. aGeneral Books aCAE NUSTcBKk297.23 SUL2ddc 001040708NFICaCAEbCAEd2017-04-03l0o297.23 SULpCAE86681r2017-04-05w2017-04-05yBK